| 000 | 00999nam a2200193 u 4500 | ||
|---|---|---|---|
| 001 | 000274865 | ||
| 003 | AM-YeHGA | ||
| 005 | 20250617125545.0 | ||
| 008 | 031022s1961 ai r 000 0 arm d | ||
| 040 | _aAM-YeHGA | ||
| 041 | 0 | _aarm | |
| 245 | 0 | 0 |
_aԴրույթներ : _bԱվտոմոբիլների տեխնիկական սպասարկման, նորոգման ագրեգատ. մեթոդի և ավտոմոբիլների ու ավտոմոբիլ. ագրեգատների կապիտալ նորոգման հանձնելու հիմն. պայմանների մասին / _cԹարգմ.՝ Հ. Կարապետյան; ՀՍՍՌ Ավտոմոբիլ. տրանսպորտի մինիստր. |
| 260 |
_aԵրևան : _bԱ. հ., _c1961. |
||
| 300 |
_a122 էջ ; _c21 սմ. |
||
| 650 | 1 | 4 | _aԱվտոմեքենաների տեխսպասարկում |
| 700 | 1 |
_aԿարապետյան, Հ. _eթարգմ. _4trl |
|
| 710 | 2 | _aՀՍՍՌ Ավտոմոբիլային տրանսպորտի մինիստրություն | |
| 090 | _c101292 | ||
| 999 |
_c99979 _d99979 |
||